| 000 | 00866nab a2200265 4500 | ||
|---|---|---|---|
| 003 | BR-BrBNA | ||
| 005 | 20260225111311.0 | ||
| 008 | 260225b bl.||||| |||| 00| 0 por d | ||
| 040 |
_aBR-BrBNA _bpor |
||
| 072 |
_aF01 ; Q04 ; E20 ; E70 ; E73 _b0940 |
||
| 100 | _aSantos, Bruno | ||
| 245 |
_aAo gosto do freguês _bAgronegócios |
||
| 500 | _a3 illus. | ||
| 650 | _aUVA | ||
| 650 | _aQUALIDADE DO PRODUTO | ||
| 650 | _aAVALIAÇÃO SENSORIAL | ||
| 650 | _aAGREGAÇÃO DE VALOR | ||
| 650 | _aCADEIA PRODUTIVA | ||
| 650 | _aEXIGÊNCIA DE MERCADO | ||
| 650 | _aCONSUMIDOR | ||
| 650 | _aCOMERCIALIZAÇÃO | ||
| 773 | 0 |
_01706 _9348140 _dSão Paulo-SP Editora Três Ltda - E-mail: luizfsa@revistadinheiro.com.br 2004 _o2025-0631 _tDinheiro Rural (Brazil) _x1807-3700 _gv. 9(118) p. 68-71; (Sep 2014) _wBR2025005983 |
|
| 942 | _cANA | ||
| 999 |
_c340178 _d340178 |
||